[Event "Carvalho Memorial op"]
[Site "Juazeiro do Norte"]
[Date "2011.10.16"]
[Round "6.12"]
[White "Lemos, Dawton Almino"]
[Black "Silva, Francismar Aquino"]
[Result "1-0"]
[WhiteElo "1894"]
[BlackElo "1760"]
[PlyCount "58"]
[EventDate "2011.10.14"]
[EventType "swiss"]
[EventRounds "6"]
[EventCountry "BRA"]
[SourceTitle "EXT 2012"]
[Source "ChessBase"]
[SourceDate "2011.11.24"]
[SourceVersion "1"]
[SourceVersionDate "2011.11.24"]
[SourceQuality "1"]

1. e4 e6 2. d4 d5 3. Nc3 Bb4 4. e5 c5 5. Bd2 Bxc3 6. Bxc3 Qc7 7. Qg4 f6 8. Nf3 Nc6 9. Bd3 c4 10. Qh5+ Qf7 11. Qxf7+ Kxf7 12. Be2 Nge7 13. 0-0 Rf8 14. a4 Kg8 15. b3 cxb3 16. cxb3 Bd7 17. Rac1 a5 18. Bb5 Be8 19. Bd2 h6 20. Rc2 Bd7 21. Rfc1 Rac8 22. Bf4 Nb4 23. Rxc8 Rxc8 24. Bxd7 Rxc1+ 25. Bxc1 Kf7 26. Ba3 Ng6 27. Bxb4 axb4 28. exf6 gxf6 29. Ne1 Nf4 1-0